000 00647cam a22002293a 4500
001 12179
003 PGUSA
005 20140828083246.0
008 040401s2004||||xxu|||||s|||||000 1 eng d
040 _aPGUSA
_beng
042 _adc
050 4 _aPS
100 1 _aQuick, Herbert,
_d1861-1925
245 1 0 _aVandemark's Folly
_h[electronic resource] /
_cHerbert Quick
260 _bProject Gutenberg,
_c2004
506 _aPublic domain in the USA.
516 _aElectronic text
653 _aFrontier and pioneer life -- Iowa -- Fiction
830 0 _aProject Gutenberg
_v12179
856 4 0 _uhttp://www.gutenberg.org/ebooks/12179
942 _cEB
999 _c241434
_d241434